000
00207 a2200097 4500
001
4863
100
_a
Cullwick,E.G
245
_a
Electromagnetism relativity
260
_a
_b
Longmans
_c
090
_c
4054
_d
4054
942
_a
NUST-CAE
_c
M
_c
30328
999
_c
239936
_d
239936